000 00887nam a2200289Ia 4500
005 20260324115258.0
008 008 260324s9999 xx 000 0 eng d
020 _a9781315143903
037 _aEBOOK
040 _aCRL
040 _beng
040 _cCRL
041 _2eng
041 _aeng
084 _qCRL
100 _aHema Malini; Khatijah Abdullah; Judith McFarlane; Jeff Evans; Yanti Sari
_91154052
245 0 _aStrengthening Research Capacity and Disseminating New Findings in Nursing and Public Health
245 0 _bProceedings of the 1st Andalas International Nursing Conference (AINiC 2017), September 25-27, 2017, Padang, Indonesia
260 _bTaylor and Francis
260 _c2018
365 _a
365 _b210
856 _uhttp://www.taylorfrancis.com/books/9781315143903
942 _cEBOOK
999 _c1744814
_d1744814